000 00623nam a2200229Ia 4500
008 180523s9999 xx 000 0 und d
020 _a0-534-63156-8
050 _aMAIN HD 31
050 _b.S53 2005
100 _aShafritz, Jay M.
245 0 _aClassics of organization theory /
245 0 _cJay M. Shafritz, J. Steven Ott, Yong Suk Jang.
250 _a6th Edition
260 _aBelmont, CA :
260 _bThomson Wadsworth,
260 _c2005
300 _a544 pages :
300 _c23 cm.
500 _aIncludes bibliographic references and index.
650 _aOrganization.
650 _xManagement.
999 _c356870
_d356870